[Event "Nordic Championship"]
[Site "Vaxjo"]
[Date "2017.06.27"]
[Round "3.17"]
[White "Petersson, Baldur Teodor"]
[Black "Pantzar, Milton"]
[Result "1/2-1/2"]
[WhiteElo "2086"]
[BlackElo "2313"]

1.e4 e5 2.Nf3 Nf6 3.Nc3 Nc6 4.Bc4 Bc5 5.d3 O-O 6.Bg5 h6 7.Bh4 g5 8.Bg3 d6 
9.Qd2 Kg7 10.a3 Nh5 11.Na4 f6 12.Nxc5 dxc5 13.Qe3 Qd6 14.Rd1 Bg4 15.c3 
Rad8 16.h3 Nf4 17.O-O Bh5 18.Rd2 Na5 19.Rfd1 Bxf3 20.Qxf3 Nxc4 21.dxc4 
Qxd2 22.Rxd2 Rxd2 23.Qe3 Rd1+ 24.Kh2 Ne6 25.Qf3 Rd2 26.Qf5 Kf7 27.Bxe5 Ke7
28.Bg3 Rxb2 29.Bxc7 b6 30.Bg3 Rd2 31.e5 fxe5 32.Qxe5 Rd7 33.Qe4 Rf7 34.Qe5
Rf8 35.Qe4 Rf7 36.Qe5 Rf8 1/2-1/2

[Event "Nordic Championship"]
[Site "Vaxjo"]
[Date "2017.06.27"]
[Round "3.18"]
[White "Rydstrom, Tom"]
[Black "Alquist, Erik"]
[Result "1-0"]
[WhiteElo "2313"]
[BlackElo "2040"]

1.e4 c5 2.Nf3 d6 3.d4 cxd4 4.Nxd4 Nf6 5.Nc3 a6 6.Bg5 Nbd7 7.Be2 e6 8.Qd3 
h6 9.Bh4 b5 10.Qe3 Bb7 11.f4 Be7 12.Bf3 Qc7 13.O-O-O g5 14.fxg5 Nh7 15.Bh5
Nxg5 16.Kb1 Ne5 17.Rhf1 Rc8 18.Qf2 Rh7 19.Bxg5 hxg5 20.Nxe6 Qc4 21.Qf5 
Rxh5 22.Ng7+ Kd8 23.Nxh5 b4 24.Qxe5 bxc3 25.Rxd6+ Ke8 26.Qh8+ Bf8 27.Ng7+ 
Ke7 28.Nf5+ 1-0

[Event "Nordic Championship"]
[Site "Vaxjo"]
[Date "2017.06.27"]
[Round "3.19"]
[White "Neretljak, Nedzad"]
[Black "Tuomainen, Felix"]
[Result "1-0"]
[WhiteElo "2083"]
[BlackElo "2294"]

1.e4 e6 2.d4 d5 3.e5 c5 4.c3 Nc6 5.Nf3 Qb6 6.Bd3 cxd4 7.O-O Bd7 8.a3 Nge7 
9.b4 Ng6 10.Re1 Be7 11.Bb2 dxc3 12.Nxc3 O-O 13.Na4 Qc7 14.Rc1 a6 15.Bd4 b5
16.Nb6 Rab8 17.Nxd7 Qxd7 18.Bc5 Rfc8 19.h4 a5 20.Ng5 Bxg5 21.hxg5 Ngxe5 
22.Bxh7+ Kxh7 23.Qh5+ Kg8 24.Rc3 g6 25.Qh4 f5 26.gxf6 Qh7 27.Qf4 Kf7 28.
Rh3 Qg8 29.Qh2 g5 30.Rh7+ Kxf6 31.Be7+ Nxe7 32.Qxe5+ Kg6 33.Rxe7 Rc6 34.f4
gxf4 35.Qxf4 Rf8 36.Qg4+ Kf6 37.Qh4+ Kg6 38.Re3 Rc1+ 39.Kh2 Qh8 40.Rg3+ 
Kf5 41.Rg5+ 1-0

[Event "Nordic Championship"]
[Site "Vaxjo"]
[Date "2017.06.27"]
[Round "3.20"]
[White "Emmoth, Alfons"]
[Black "Thogersen, Rasmus"]
[Result "1-0"]
[WhiteElo "2053"]
[BlackElo "2222"]

1.d4 Nf6 2.c4 g6 3.Nc3 d5 4.cxd5 Nxd5 5.e4 Nxc3 6.bxc3 Bg7 7.Bc4 c5 8.Ne2 
Nc6 9.Be3 O-O 10.O-O Bg4 11.f3 Bd7 12.Qd2 Qa5 13.Rfd1 Rfd8 14.Rab1 cxd4 
15.cxd4 Rac8 16.Bd3 Qxd2 17.Rxd2 Na5 18.Rdd1 e6 19.Rdc1 f5 20.e5 Bc6 21.
Bd2 Rd5 22.Rb5 Nc4 23.Bxc4 Bxb5 24.Bxd5 Rxc1+ 25.Nxc1 exd5 26.Nb3 b6 27.
Kf2 a5 28.f4 Bf8 29.Ke1 Bc4 30.Kd1 a4 31.Nc1 b5 32.Kc2 Kf7 33.Kb2 b4 34.g3
Ke6 35.Be3 Kd7 36.Bd2 Kc6 37.Be3 Kb5 38.Kc2 Bxa2 39.Nxa2 b3+ 40.Kb2 1-0

[Event "Nordic Championship"]
[Site "Vaxjo"]
[Date "2017.06.27"]
[Round "3.21"]
[White "Crevatin, Leo"]
[Black "Johansson, Thomas"]
[Result "0-1"]
[WhiteElo "2044"]
[BlackElo "2205"]

1.d4 Nf6 2.Bf4 e6 3.e3 c5 4.c3 b6 5.Nf3 Be7 6.h3 O-O 7.Bd3 cxd4 8.exd4 Ba6
9.O-O Bxd3 10.Qxd3 Nc6 11.Nbd2 d5 12.a4 Qc8 13.b4 Qb7 14.Rfc1 Rfc8 15.Nb3 
Ne4 16.Nfd2 Bd6 17.Bxd6 Nxd6 18.a5 Ne7 19.Qe2 Rc7 20.axb6 axb6 21.Rxa8+ 
Qxa8 22.Ra1 Qb8 23.Qd3 h6 24.Qg3 Qd8 25.Qd3 Qb8 26.Qg3 Nb5 27.c4 dxc4 28.
Nxc4 Nd5 29.Qe5 Qe8 30.Nd6 Nxd6 31.Qxd6 Rc6 32.Qe5 Nxb4 33.Nd2 Rc8 34.Ne4 
Ra8 35.Rb1 Nd5 36.Rb3 f6 37.Qd6 Rd8 38.Qg3 Qc6 39.Qg6 Qe8 40.Qg3 Kh7 41.
Qd3 Qg6 42.Qc2 f5 43.Rg3 Qh5 44.Nc3 Rc8 45.Qb3 Rxc3 46.Rxc3 Nxc3 47.Qxc3 
Qd1+ 48.Kh2 Qe2 49.Kg3 Qe4 50.f3 Qd5 51.Kf4 Qd6+ 52.Ke3 Qg3 53.Qb4 Qxg2 
54.Qxb6 Qxh3 55.Kf4 Qh2+ 56.Ke3 Qg1+ 57.Kf4 Qg5+ 58.Ke5 Qf6+ 59.Kd6 e5+ 
0-1

[Event "Nordic Championship"]
[Site "Vaxjo"]
[Date "2017.06.27"]
[Round "3.22"]
[White "Olofsson-Dolk, Mattis"]
[Black "Buchert, Vitus"]
[Result "1-0"]
[WhiteElo "2203"]
[BlackElo "1970"]

1.d4 Nf6 2.c4 c5 3.d5 e6 4.Nc3 exd5 5.cxd5 d6 6.e4 g6 7.Bd3 Bg7 8.h3 O-O 
9.Nge2 Nbd7 10.O-O Nh5 11.g4 Qh4 12.gxh5 c4 13.Bc2 Ne5 14.f4 Bxh3 15.Rf2 
Ng4 16.Rf3 Bg2 17.Kxg2 Qh2+ 18.Kf1 Qh1+ 19.Ng1 Nh2+ 20.Kf2 Ng4+ 21.Kf1 
Nh2+ 22.Ke2 Qg2+ 23.Rf2 Qg4+ 24.Nf3 Nxf3 25.Rxf3 f5 26.Be3 Rae8 27.Qg1 
Qxh5 28.Qh1 1-0

[Event "Nordic Championship"]
[Site "Vaxjo"]
[Date "2017.06.27"]
[Round "3.23"]
[White "Karlsson, Ulf"]
[Black "Johansson, Carl Fredrik"]
[Result "0-1"]
[WhiteElo "2027"]
[BlackElo "2173"]

1.e4 c5 2.Nc3 Nc6 3.g3 g6 4.Bg2 Bg7 5.d3 d6 6.f4 e6 7.Nf3 Nge7 8.O-O Qb6 
9.Kh1 Bd7 10.Bd2 O-O 11.Rb1 a5 12.b3 Nd4 13.a4 Nec6 14.Na2 Nb4 15.Nxd4 
Bxd4 16.Nc1 Bg7 17.Ne2 f5 18.Be3 Nc6 19.c3 Rac8 20.Qd2 e5 21.fxe5 dxe5 22.
c4 Nd4 23.Nxd4 cxd4 24.Bf2 f4 25.gxf4 Bh6 26.Bg3 Qc7 27.Bf3 exf4 28.Bf2 
Qe5 29.b4 b6 30.b5 Bg7 31.Qe2 h5 32.Rg1 Kh7 33.Bh4 Bh6 34.Qg2 Rg8 35.Bg5 
Rc5 36.h4 Bxg5 37.hxg5 Qe7 38.Qh2 Rf8 39.Qh4 Kg7 40.Rb2 Re5 41.Rh2 Bc8 42.
Rf2 Qd6 43.Bd1 Re7 44.Rgf1 Ref7 45.Bb3 Qa3 46.Rb1 f3 47.c5 Rf4 48.Qg3 Qxc5
49.Rbf1 h4 50.Qh2 Qxg5 51.Rc1 h3 52.Rc7+ Kh6 53.Rxc8 Qg2+ 0-1

[Event "Nordic Championship"]
[Site "Vaxjo"]
[Date "2017.06.27"]
[Round "3.24"]
[White "Green, Per"]
[Black "Fors, Tomas"]
[Result "0-1"]
[WhiteElo "1965"]
[BlackElo "2157"]

1.Nf3 Nf6 2.c4 c5 3.Nc3 e6 4.g3 b6 5.Bg2 Bb7 6.b3 Be7 7.Bb2 d6 8.O-O Nbd7 
9.d4 cxd4 10.Qxd4 a6 11.Rfd1 Qc7 12.h3 O-O 13.g4 h6 14.Qf4 Rac8 15.Rac1 
Qb8 16.g5 hxg5 17.Qxg5 Rc5 18.Qe3 b5 19.cxb5 axb5 20.a4 bxa4 21.Nxa4 Rb5 
22.Nd4 Re5 23.Qd2 Bxg2 24.Kxg2 Ne4 25.Qc2 Nec5 26.Kf1 Qb7 27.f3 Rh5 28.Kg2
Bg5 29.Rb1 Bf4 30.Bc1 Bxc1 31.Rdxc1 g6 32.b4 Nxa4 33.Qxa4 Ra8 34.Qb3 Ne5 
35.Nxe6 Qe7 36.Nc7 Qg5+ 37.Kf2 Qh4+ 38.Ke3 Qg5+ 39.Kf2 Qh4+ 40.Ke3 Rc8 41.
Rc3 Qg5+ 42.Kf2 Rxh3 43.Rg1 Rh2+ 44.Kf1 Qh4 45.Rg2 Qh3 0-1

[Event "Nordic Championship"]
[Site "Vaxjo"]
[Date "2017.06.27"]
[Round "3.25"]
[White "Fakhr Eldin, Majed"]
[Black "Storme, Isak"]
[Result "0-1"]
[WhiteElo "1450"]
[BlackElo "2129"]

1.e4 c5 2.Nc3 Nc6 3.f4 g6 4.Nf3 Bg7 5.Bb5 Nd4 6.O-O Nxb5 7.Nxb5 d5 8.e5 a6
9.Nc3 e6 10.d4 cxd4 11.Nxd4 Ne7 12.a4 O-O 13.Be3 f6 14.exf6 Bxf6 15.Qd2 
Bd7 16.Bf2 Qc7 17.Rae1 Qd6 18.Re2 Nf5 19.Nxf5 gxf5 20.Re3 Rf7 21.b3 Rc8 
22.Ne2 Kh8 23.g3 Kg8 24.c3 b5 25.axb5 axb5 26.Nd4 Ra8 27.Rfe1 Re7 28.Qd3 
b4 29.cxb4 Qxb4 30.Nf3 d4 31.Re5 Bxe5 32.Rxe5 Ra1+ 33.Be1 Bc6 34.Kf2 Qb7 
35.Nxd4 Bh1 36.Ke2 Qg2+ 37.Bf2 Qf1+ 38.Ke3 Qc1+ 39.Qd2 Qxd2+ 40.Kxd2 Ra2+ 
41.Ke3 Rc7 42.Nxe6 Rcc2 43.Be1 Be4 44.Ng5 Re2+ 45.Kd4 Rxe1 46.Re8+ Kg7 47.
Re7+ Kf8 0-1

[Event "Nordic Championship"]
[Site "Vaxjo"]
[Date "2017.06.27"]
[Round "3.27"]
[White "Wahlund, Max"]
[Black "Nilsson, Mattias"]
[Result "1-0"]
[WhiteElo "2142"]
[BlackElo "1947"]

1.d4 d5 2.Nf3 Nf6 3.c4 c6 4.Qc2 g6 5.e3 Bf5 6.Qb3 Qb6 7.c5 Qxb3 8.axb3 
Nbd7 9.b4 Bxb1 10.Rxb1 Bg7 11.Ra1 O-O 12.b5 Ne4 13.bxc6 bxc6 14.Ra6 Rfc8 
15.g3 e5 16.Bh3 f5 17.O-O h5 18.Rd1 Rc7 19.Nh4 Kf7 20.Bg2 Bf6 21.f3 Ng5 
22.f4 exf4 23.Rxc6 Rxc6 24.Bxd5+ Re6 25.Bxa8 fxg3 26.Bd5 Nh3+ 27.Kg2 Nf2 
28.Rf1 Bxh4 29.hxg3 Bxg3 30.Kxg3 Ne4+ 31.Kg2 Ndf6 32.Bc4 Ke7 33.b4 Rc6 34.
d5 Rc8 35.d6+ Kd8 36.Rd1 h4 37.Rd4 a5 38.Ba6 Ra8 39.Bb7 axb4 40.Bxa8 Nxc5 
41.Rxb4 Kd7 42.Rxh4 Nd3 43.Ba3 g5 44.Ra4 Ng4 45.Ra7+ Kd8 46.Bc6 Nxe3+ 47.
Kg1 1-0

[Event "Nordic Championship"]
[Site "Vaxjo"]
[Date "2017.06.27"]
[Round "3.28"]
[White "Carlsson, Ludvig"]
[Black "Fernandez, Juan Pablo"]
[Result "1-0"]
[WhiteElo "2088"]
[BlackElo "2045"]

1.e4 c5 2.Nf3 g6 3.d4 cxd4 4.Nxd4 Nc6 5.Nc3 Bg7 6.Be3 Nf6 7.Bc4 Qa5 8.O-O 
O-O 9.Bb3 d6 10.h3 Bd7 11.Nf3 Rac8 12.Qe2 Qh5 13.Rad1 b6 14.Bc1 Na5 15.Nd5
Nxb3 16.axb3 Nxd5 17.Rxd5 Be5 18.Re1 Bc6 19.Rdd1 Bg7 20.c4 Bb7 21.Kh2 Qc5 
22.Kh1 Qh5 23.Bg5 f6 24.Bc1 f5 25.Ng5 Qxe2 26.Rxe2 fxe4 27.Nxe4 Bxe4 28.
Rxe4 Rxf2 29.Rxe7 Rcf8 30.Kg1 Rc2 31.Be3 Rxb2 32.Rxg7+ 1-0

[Event "Nordic Championship"]
[Site "Vaxjo"]
[Date "2017.06.27"]
[Round "3.29"]
[White "Svensson, Bengt"]
[Black "Halvarsson, Peter"]
[Result "0-1"]
[WhiteElo "1784"]
[BlackElo "1889"]

1.e4 c5 2.Nf3 g6 3.d4 cxd4 4.Nxd4 Bg7 5.Nc3 Nc6 6.Nb3 Nf6 7.Be2 d6 8.O-O 
O-O 9.Bg5 Be6 10.f4 a5 11.a4 Rc8 12.Bf3 Re8 13.Nd5 Bxd5 14.exd5 Qb6+ 15.
Kh1 Nb4 16.c3 Na6 17.Rb1 Nc7 18.c4 Qb4 19.Nd2 Na6 20.b3 Nc5 21.Qc2 Rc7 22.
Rfe1 Kf8 23.Re3 Qb6 24.Rbe1 Na6 25.Bh4 Qd4 26.Qd3 Qxd3 27.Rxd3 Nb4 28.Rc3 
Nfxd5 29.Rcc1 Nxf4 30.Red1 Nfd3 31.Rb1 Be5 32.Be2 Nf4 33.Bf1 Nc6 34.Ne4 h6
35.Bf2 f5 36.Nd2 Kg7 37.Nf3 Bf6 38.g3 Ne6 39.Bb6 Rcc8 40.Re1 Nc5 41.Nd2 
Bc3 42.Red1 Nd7 43.Bf2 Nce5 44.Bg2 Rc7 45.Nf1 Bb4 46.h3 Nf6 47.Bb6 Rd7 48.
Nd2 Nc6 49.Bf2 e5 50.Nf3 Ne4 51.Rb2 Nxf2+ 52.Rxf2 e4 53.Ne1 Ne5 54.Bf1 
Rde7 55.Nc2 Bc5 56.Re2 Nd3 57.Kg2 f4 58.Red2 f3+ 59.Kh2 Nb4 60.Re1 e3 0-1

[Event "Nordic Championship"]
[Site "Vaxjo"]
[Date "2017.06.27"]
[Round "3.30"]
[White "Ask, Josef"]
[Black "Nebrin, Johan"]
[Result "1-0"]
[WhiteElo "2120"]
[BlackElo "1834"]

1.e4 e5 2.Nf3 Nf6 3.Nc3 Nc6 4.d4 exd4 5.Nxd4 Nxd4 6.Qxd4 d6 7.Bg5 Be7 8.
O-O-O O-O 9.f3 Be6 10.g4 Nd7 11.Be3 Bf6 12.Qd2 Ne5 13.Be2 Nc4 14.Bxc4 Bxc4
15.Rde1 Re8 16.g5 Be5 17.h4 Qd7 18.b3 Ba6 19.h5 f5 20.gxf6 Bxf6 21.Reg1 
Qf7 22.Nd5 Re6 23.Nxf6+ Qxf6 24.Bd4 Qxf3 25.Rxg7+ Kf8 26.Rhg1 Rae8 27.Qg5 
R6e7 28.Rxe7 Rxe7 29.Qg8# 1-0

[Event "Nordic Championship"]
[Site "Vaxjo"]
[Date "2017.06.27"]
[Round "3.31"]
[White "Skjoldager, Flemming"]
[Black "Sukhayanudit, Apichai"]
[Result "1/2-1/2"]
[WhiteElo "1906"]
[BlackElo "1819"]

1.e4 e5 2.Nf3 Nc6 3.d4 exd4 4.Nxd4 Bc5 5.Nb3 Bb6 6.Nc3 Qf6 7.Qe2 Nd4 8.
Nxd4 Bxd4 9.Nd5 Qd8 10.Qc4 Bb6 11.Be3 c6 12.Nxb6 axb6 13.Qd4 Nf6 14.Bg5 h6
15.Bxf6 Qxf6 16.Qxb6 Qe6 17.Bd3 Rxa2 18.O-O O-O 19.b3 Rxa1 20.Rxa1 Qe5 21.
Ra8 Re8 22.f3 g6 23.Qb4 b5 24.Qd2 Qc5+ 25.Kf1 Kg7 26.Qf4 d6 27.g4 Bd7 28.
Rxe8 Bxe8 29.Qg3 f6 30.h4 Bf7 31.Ke2 Qd4 32.Qf2 Qxf2+ 33.Kxf2 Be6 34.Ke3 
Kf7 35.b4 Ba2 36.Kd4 g5 37.h5 Ke6 38.Be2 Kd7 39.Bd3 Kc7 40.Kc3 Kb6 41.Kd2 
Bc4 42.Kc3 Be6 1/2-1/2

[Event "Nordic Championship"]
[Site "Vaxjo"]
[Date "2017.06.27"]
[Round "3.32"]
[White "Lindvall, Per"]
[Black "Eriksson, Per"]
[Result "0-1"]
[WhiteElo "1721"]
[BlackElo "1891"]

1.Nf3 d5 2.e3 Bg4 3.d4 Nf6 4.c4 e6 5.h3 Bh5 6.Nc3 c6 7.Qb3 Qc7 8.g4 Bg6 9.
Ne5 Be7 10.Nxg6 fxg6 11.Bd2 O-O 12.O-O-O Nbd7 13.Kb1 a6 14.cxd5 cxd5 15.e4
Kh8 16.exd5 Nxd5 17.Nxd5 exd5 18.f4 Qd6 19.Bd3 b5 20.Rhe1 Rfe8 21.Ba5 Bh4 
22.Rxe8+ Rxe8 23.f5 g5 24.Qc2 Nf6 25.Qc5 Qg3 26.Bc7 Qxh3 27.Be5 Qxg4 28.
Rc1 Qf3 29.Bc2 g4 30.Qc6 Rg8 31.Bd1 Qxf5+ 32.Ka1 Bg5 33.Bc2 Qc8 34.Qxc8 
Rxc8 35.Bxf6 gxf6 36.Kb1 Bxc1 37.Kxc1 Rxc2+ 38.Kxc2 0-1

[Event "Nordic Championship"]
[Site "Vaxjo"]
[Date "2017.06.27"]
[Round "3.33"]
[White "Sjostrand, Joel"]
[Black "Knoppel, Bjorn"]
[Result "1-0"]
[WhiteElo "1890"]
[BlackElo "1805"]

1.c4 b6 2.Nc3 Bb7 3.e4 e6 4.Nge2 c5 5.g3 Nc6 6.Bg2 g6 7.d4 cxd4 8.Nxd4 a6 
9.Bf4 Nge7 10.O-O e5 11.Nxc6 Nxc6 12.Be3 Bg7 13.Nd5 Nd4 14.Bxd4 exd4 15.e5
Rb8 16.Qxd4 Bxd5 17.Qxd5 O-O 18.Rfe1 Qc7 19.Rad1 Kh8 20.b3 f6 21.exf6 Rxf6
22.Qxd7 Qc5 23.Re8+ Rxe8 24.Qxe8+ Rf8 25.Qe3 Qa3 26.Qxb6 Qxa2 27.Rd8 Qa1+ 
28.Bf1 Qa3 29.Rxf8+ Bxf8 30.Bh3 Qa1+ 31.Kg2 Qe5 32.Qe6 Qxe6 33.Bxe6 Kg7 
34.f4 Kf6 35.Bc8 a5 36.Kf3 Ke7 37.Ke4 Kd6 38.g4 Kc5 39.Bd7 Bd6 40.h3 h6 
41.f5 gxf5+ 42.gxf5 Bc7 43.f6 Bd8 44.Ke5 Bc7+ 45.Ke6 Bd6 46.Kf7 h5 47.Ke8 
1-0

[Event "Nordic Championship"]
[Site "Vaxjo"]
[Date "2017.06.27"]
[Round "3.34"]
[White "Knutsson, Hakan"]
[Black "Ottosson, Bjorn"]
[Result "1-0"]
[WhiteElo "1880"]
[BlackElo "1761"]

1.e4 c5 2.Nf3 Nc6 3.d4 cxd4 4.Nxd4 Nf6 5.Nc3 Qa5 6.Nb3 Qc7 7.Be2 e5 8.O-O 
h6 9.Kh1 a6 10.a4 Bb4 11.Nd5 Qd6 12.c3 Ba5 13.Nxa5 Nxa5 14.f3 Nxd5 15.exd5
b6 16.b4 Nb7 17.f4 O-O 18.fxe5 Qxe5 19.Qd3 Re8 20.Bf3 d6 21.Bd2 Bf5 22.Qc4
Rec8 23.Qh4 Bd3 24.Rfe1 Rc4 25.Qf2 Qf6 26.Qxb6 Nd8 27.Re3 Bf5 28.Rae1 Rcc8
29.Re8+ Kh7 30.Qf2 Bg6 31.Qg3 Nb7 32.R8e7 Rab8 33.h3 a5 34.Bg4 Rc4 35.Rd7 
axb4 36.cxb4 Rc2 37.Qe3 h5 38.Bd1 Rc4 39.Qa7 Qb2 40.Qxb8 Qxd2 41.Rg1 Be4 
42.Rxf7 Bxd5 43.Qf8 Bxf7 44.Qxf7 Rxb4 45.Qxh5+ Qh6 46.Bc2+ g6 47.Qd5 Qg7 
48.Rf1 Rd4 49.Qh5+ Kg8 50.Bxg6 Nd8 51.Qg5 Ne6 52.Bf7+ Kh7 53.Qh5+ 1-0

[Event "Nordic Championship"]
[Site "Vaxjo"]
[Date "2017.06.27"]
[Round "3.36"]
[White "Helin, Mikael"]
[Black "Stolpe, Kjell"]
[Result "1-0"]
[WhiteElo "1861"]
[BlackElo "1622"]

1.e4 d6 2.Nc3 Nf6 3.g3 Bg4 4.f3 Bh5 5.Bg2 g5 6.Nge2 Nbd7 7.d4 h6 8.g4 Bg6 
9.Ng3 e5 10.Be3 c5 11.d5 Qa5 12.O-O b5 13.a4 b4 14.Nb1 c4 15.Nd2 Qc7 16.b3
c3 17.Nc4 a5 18.Bc1 O-O-O 19.Ne3 Ne8 20.Qd3 Nc5 21.Qb5 Ng7 22.Nc4 Be7 23.
Nxa5 f5 24.Nc6 Be8 25.exf5 h5 26.Re1 h4 27.Ne4 Nxe4 28.Rxe4 Bxc6 29.dxc6 
Bf6 30.Be3 d5 31.Qa6+ Kb8 32.Rxb4+ 1-0

[Event "Nordic Championship 50+"]
[Site "Vaxjo"]
[Date "2017.06.27"]
[Round "3.1"]
[White "Karason, Askell O"]
[Black "Ortoft, Kai"]
[Result "1/2-1/2"]
[WhiteElo "2271"]
[BlackElo "1984"]

1.d4 Nf6 2.c4 d6 3.Nc3 Nbd7 4.e4 e5 5.d5 Nc5 6.f3 a5 7.Be3 Be7 8.Qd2 c6 9.
O-O-O cxd5 10.cxd5 b6 11.g4 h6 12.Nge2 Nh7 13.Ng3 Bg5 14.Bb5+ Kf8 15.Kb1 
Kg8 16.Bc6 Rb8 17.Nb5 g6 18.Qf2 Nf8 19.h4 Bxh4 20.Rxh4 Qxh4 21.Nxd6 Qf6 
22.Nb5 Nfd7 23.Bc1 Ba6 24.Qe3 Rd8 25.Nc3 Nb8 26.Bb5 Bxb5 27.Nxb5 Nbd7 28.
b3 Nf8 29.Rf1 Nfd7 30.f4 Qe7 31.d6 Qe6 32.f5 Qf6 33.fxg6 Qxg6 34.Nf5 Kf8 
35.Nxh6 Rxh6 36.Qxh6+ Qxh6 37.Bxh6+ Kg8 38.Rd1 Nxe4 39.Be3 Rc8 40.Kb2 Rc6 
1/2-1/2

[Event "Nordic Championship 50+"]
[Site "Vaxjo"]
[Date "2017.06.27"]
[Round "3.2"]
[White "Lauritzen, Einar"]
[Black "Holst, Conny"]
[Result "1/2-1/2"]
[WhiteElo "1984"]
[BlackElo "2150"]

1.d4 Nf6 2.Nf3 c5 3.c4 cxd4 4.Nxd4 Nc6 5.Nc3 e6 6.Nc2 d6 7.e4 Be7 8.Be2 
O-O 9.O-O a6 10.Bf4 b6 11.Qd2 Bb7 12.Rad1 Ne5 13.f3 Qc7 14.Na3 Rac8 15.Rc1
Rfe8 16.Rfd1 Bf8 17.Kh1 Qb8 18.Na4 Bc6 19.Nc3 Bb7 20.Na4 Bc6 21.Nc3 
1/2-1/2

[Event "Nordic Championship 50+"]
[Site "Vaxjo"]
[Date "2017.06.27"]
[Round "3.3"]
[White "Franzen, Thomas"]
[Black "Kirppo, Ronny"]
[Result "1/2-1/2"]
[WhiteElo "2032"]
[BlackElo "1900"]

1.d4 Nf6 2.Nf3 b6 3.g3 e6 4.Bg2 Bb7 5.O-O Be7 6.c4 O-O 7.Nc3 Ne4 8.Qc2 
Nxc3 9.Qxc3 f5 10.Rd1 Bf6 11.Bf4 d6 12.Qd2 Qe7 13.Bg5 Nd7 14.Rac1 h6 15.
Bxf6 Nxf6 16.b4 Rac8 17.Qb2 Bxf3 18.Bxf3 c5 19.dxc5 bxc5 20.b5 Rfd8 21.a4 
d5 22.e3 Ne4 23.Qe5 Qd6 24.Qxd6 Rxd6 25.Be2 Kf7 26.f3 Nf6 27.Kf2 g6 28.Rc2
Ke7 29.Rcd2 Rcd8 30.a5 R8d7 31.Rb2 Rb7 32.Rc1 d4 33.exd4 Rxd4 34.Rd1 e5 
35.h4 Nd7 36.Rbd2 Nf6 37.Bf1 Rb8 38.Rxd4 exd4 39.Bd3 h5 40.Re1+ Kd6 41.Ke2
Nd7 42.f4 Nf6 43.Kd2 Ng4 44.Be2 Ne3 45.Kd3 Kc7 46.Bf3 Rd8 47.Rb1 Rd6 48.
Ra1 Kb8 49.Rb1 Kc7 50.Bc6 Kb8 51.a6 Kc7 52.b6+ 1/2-1/2

[Event "Nordic Championship 50+"]
[Site "Vaxjo"]
[Date "2017.06.27"]
[Round "3.4"]
[White "Olsson, Magnus"]
[Black "Johansson, Lennart B"]
[Result "0-1"]
[WhiteElo "1662"]
[BlackElo "1974"]

1.c4 c5 2.Nc3 Nc6 3.Nf3 g6 4.g3 Bg7 5.Bg2 d6 6.O-O Nf6 7.Rb1 Bf5 8.d3 Qd7 
9.a3 Bh3 10.e4 Bxg2 11.Kxg2 b6 12.Qc2 Rc8 13.b4 Ng4 14.b5 Nd4 15.Nxd4 cxd4
16.Ne2 e5 17.h3 Nf6 18.Qb3 h5 19.Bg5 Nh7 20.Bd2 h4 21.g4 f5 22.f3 Bf6 23.
Qd1 O-O 24.Kh2 fxg4 25.fxg4 Bg5 26.Bxg5 Nxg5 27.Ng1 Rxf1 28.Qxf1 Rf8 29.
Qe2 Qf7 30.Kg2 Qf4 31.Rf1 Nxh3 32.Qe1 Qxg4+ 33.Kh1 Rxf1 34.Qxf1 Qxg1+ 0-1

[Event "Nordic Championship 50+"]
[Site "Vaxjo"]
[Date "2017.06.27"]
[Round "3.5"]
[White "Sandgren, Per-Olov"]
[Black "Ohlsson, Mikael"]
[Result "1-0"]
[WhiteElo "1422"]
[BlackElo "1765"]

1.e4 c5 2.Nf3 e6 3.d4 cxd4 4.Nxd4 a6 5.Nc3 Qc7 6.Bd3 Nf6 7.Bd2 Be7 8.Qf3 
O-O 9.a4 Nc6 10.Nxc6 bxc6 11.O-O d5 12.exd5 exd5 13.h3 Bd6 14.Rfe1 Rb8 15.
b3 Be5 16.Rxe5 Qxe5 17.Bf4 Qd4 18.Bxb8 Ne4 19.Bxe4 dxe4 20.Qg3 Re8 21.Rd1 
Qf6 22.Ba7 g6 23.Bd4 Qf5 24.Qd6 Be6 25.Qxc6 Rc8 26.Qxa6 e3 27.fxe3 Qxc2 
28.Qd3 Qxb3 29.Bf6 Qb6 30.Qd8+ Rxd8 31.Rxd8+ Qxd8 32.Bxd8 1-0

[Event "Nordic Championship 50+"]
[Site "Vaxjo"]
[Date "2017.06.27"]
[Round "3.6"]
[White "Mortensen, Henrik"]
[Black "Pettersson, Kjell-Erik"]
[Result "1-0"]
[WhiteElo "1931"]
[BlackElo "1721"]

1.Nf3 f5 2.b3 Nf6 3.Bb2 e6 4.c4 Be7 5.d4 d6 6.g3 O-O 7.Bg2 Qe8 8.Nc3 a5 9.
O-O Qh5 10.Nd2 Qg6 11.e4 f4 12.e5 dxe5 13.dxe5 Ng4 14.Nb5 fxg3 15.fxg3 Qg5
16.Rxf8+ Bxf8 17.Qe2 Nc6 18.Ne4 Qe3+ 19.Qxe3 Nxe3 20.Nxc7 Rb8 21.Bh3 Nf5 
22.Rd1 Be7 23.Nd6 g6 24.Ne4 b6 25.Ne8 1-0

[Event "Nordic Championship 50+"]
[Site "Vaxjo"]
[Date "2017.06.27"]
[Round "3.7"]
[White "Gunnarsson, Lennart"]
[Black "Lang, Gusztav"]
[Result "1-0"]
[WhiteElo "1800"]
[BlackElo "1723"]

1.d4 Nf6 2.c4 e5 3.dxe5 Ng4 4.Nf3 Nc6 5.e3 Bb4+ 6.Nbd2 Ngxe5 7.a3 Nxf3+ 8.
Qxf3 Bxd2+ 9.Bxd2 d6 10.Bc3 Ne5 11.Qg3 Qe7 12.Qxg7 Rf8 13.Bxe5 dxe5 14.Be2
Bd7 15.O-O-O O-O-O 16.Qxh7 Rh8 17.Qc2 Rdg8 18.Bf3 f5 19.g3 e4 20.Be2 Rh6 
21.h4 Qe8 22.Rd4 Rgh8 23.Rhd1 R6h7 24.Qc3 Qe6 25.Rxd7 1-0

[Event "Nordic Championship 65+"]
[Site "Vaxjo"]
[Date "2017.06.27"]
[Round "3.1"]
[White "Lekander, Rolf"]
[Black "Westin, Ake"]
[Result "1/2-1/2"]
[WhiteElo "2180"]
[BlackElo "2098"]

1.c4 e6 2.g3 f5 3.Nc3 Nf6 4.Bg2 Be7 5.d3 d6 6.e4 fxe4 7.dxe4 e5 8.Nge2 O-O
9.h3 Be6 10.b3 a5 11.Be3 Na6 12.Qd2 Nc5 13.O-O Qe8 14.f4 exf4 15.Nxf4 Bf7 
16.Rae1 Ne6 17.Nfd5 Nd7 18.Nxe7+ Qxe7 19.Nd5 Qd8 20.Nf4 Ne5 21.Kh2 a4 22.
Qc3 b6 23.Nd5 axb3 24.axb3 Ra2 25.Ra1 Rxa1 26.Rxa1 Nc5 27.b4 Bxd5 28.exd5 
Ncd7 29.Bd4 Qe8 30.Re1 Qh5 31.Re4 Qd1 32.Re1 Qh5 33.Re4 Qd1 34.Re1 Qh5 
1/2-1/2

[Event "Nordic Championship 65+"]
[Site "Vaxjo"]
[Date "2017.06.27"]
[Round "3.2"]
[White "Nilsson, Weine"]
[Black "Orci, Istvan"]
[Result "1-0"]
[WhiteElo "1956"]
[BlackElo "1554"]

1.e4 d5 2.exd5 Qxd5 3.Nc3 Qd8 4.d4 Nf6 5.Nf3 Bg4 6.Be2 e6 7.h3 Bxf3 8.Bxf3
c6 9.O-O Nbd7 10.Re1 Be7 11.Ne2 O-O 12.Bf4 Nd5 13.Bh2 N7f6 14.c4 Nc7 15.
Qb3 Qc8 16.Nc3 Rd8 17.Rad1 Bd6 18.Be5 Bxe5 19.dxe5 Rxd1 20.Qxd1 Nd7 21.Qd4
c5 22.Qf4 Rb8 23.Rd1 Nf8 24.Ne4 Ng6 25.Qg3 Ne8 26.h4 Ne7 27.Bg4 Nf5 28.
Bxf5 exf5 29.Nc3 Nc7 30.Qg5 Ne6 31.Qxf5 Nd4 32.Qe4 b6 33.Nd5 Qe6 34.Re1 g6
35.h5 Kg7 36.b4 Qf5 37.hxg6 hxg6 38.Qxf5 Nxf5 39.b5 Nd4 40.f4 Rd8 41.Kf2 
Nxb5 42.Ke3 Nd4 43.Rh1 Nf5+ 44.Kf3 Nd4+ 45.Ke4 Nf5 46.Rh3 Nd4 47.Rh6 Nc6 
48.Rh7+ 1-0

[Event "Nordic Championship 65+"]
[Site "Vaxjo"]
[Date "2017.06.27"]
[Round "3.3"]
[White "Ekelund, Kurt"]
[Black "Isaksson, Leif"]
[Result "1-0"]
[WhiteElo "2003"]
[BlackElo "1928"]

1.e4 e6 2.d4 d5 3.Nc3 Bb4 4.Ne2 dxe4 5.a3 Be7 6.Nxe4 Nf6 7.Qd3 Nbd7 8.Bf4 
Nxe4 9.Qxe4 Nf6 10.Qd3 Bd7 11.Nc3 Bd6 12.Bxd6 cxd6 13.Qg3 Qb6 14.O-O-O Rc8
15.h4 Qa5 16.Qxg7 Ke7 17.Qg5 d5 18.Qd2 Rhg8 19.Rh3 Qc7 20.Re1 a6 21.Rf3 
Qd6 22.g3 Ng4 23.Bh3 h5 24.Qf4 Qxf4+ 25.Rxf4 Bc6 26.Bxg4 Rxg4 27.Rxg4 hxg4
28.Nd1 f5 29.Ne3 Kf6 30.Ng2 Ba4 31.c3 Bd7 32.Nf4 a5 33.Nd3 b6 34.Rh1 Rh8 
35.Kd2 Be8 36.Ke3 Bb5 37.Ne5 Rh7 38.b3 Be8 39.Rc1 Rc7 40.Kd2 b5 41.Nd3 Re7
42.Ne5 Rb7 43.Rh1 Rh7 44.Nd3 Ra7 45.Nc5 Rh7 46.Re1 Re7 47.a4 bxa4 48.bxa4 
e5 49.Rb1 f4 50.dxe5+ Rxe5 51.gxf4 Rh5 52.Rb8 Bg6 53.Nd7+ Ke7 54.Ne5 Be4 
55.Rb5 Rxh4 56.Rxa5 Rh2 57.Ke3 Rh3+ 58.Kd4 Rh2 59.Nxg4 Rg2 60.Ne3 Rxf2 61.
Ke5 Re2 62.Nxd5+ 1-0

[Event "Nordic Championship 65+"]
[Site "Vaxjo"]
[Date "2017.06.27"]
[Round "3.4"]
[White "Lauritsen, Niels"]
[Black "Johansson, Bjorn"]
[Result "1/2-1/2"]
[WhiteElo "2039"]
[BlackElo "1922"]

1.d4 Nf6 2.Nc3 d5 3.Bg5 Nbd7 4.Nf3 g6 5.e3 Bg7 6.Bd3 O-O 7.O-O c5 8.Re1 c4
9.Bf1 Nb6 10.e4 dxe4 11.Nxe4 Nxe4 12.Rxe4 f6 13.Bd2 Bf5 14.Re1 Rc8 15.c3 
Re8 16.h3 g5 17.b3 Qd5 18.g4 Bg6 19.Bg2 Qd7 20.Qe2 Bf7 21.Rab1 Bd5 22.Nh2 
e5 23.Bxd5+ Qxd5 24.dxe5 Rxe5 25.Be3 cxb3 26.Rxb3 Nc4 27.Qf3 Nxe3 28.Rxe3 
Qxf3 29.Nxf3 Rxe3 30.fxe3 b6 31.Nd4 Kf7 32.Nb5 Bf8 33.Nxa7 Ra8 34.Nc6 Bc5 
35.Nb4 Bxe3+ 36.Kg2 Rd8 37.c4 Rd2+ 38.Kf3 Bc5 39.a3 Rh2 40.Ke4 Ke6 1/2-1/2

[Event "Nordic Championship 65+"]
[Site "Vaxjo"]
[Date "2017.06.27"]
[Round "3.5"]
[White "Olesen, Christer"]
[Black "Koski, Viljo"]
[Result "1-0"]
[WhiteElo "1827"]
[BlackElo "1917"]

1.d4 d5 2.Bf4 Nf6 3.e3 e6 4.Nd2 Bd6 5.Bg3 b6 6.c3 Bb7 7.Bd3 h5 8.Bh4 Nbd7 
9.Ngf3 c5 10.O-O Qc7 11.Rc1 c4 12.Bb1 b5 13.Bg3 O-O-O 14.Bxd6 Qxd6 15.h3 
Rh6 16.Qe2 Re8 17.a4 a6 18.axb5 axb5 19.b3 Ng4 20.e4 e5 21.exd5 e4 22.bxc4
Ndf6 23.Nxe4 Qd7 24.Nxf6 1-0